000 00864na a2200289 4500
001 15061
003 MIRAKIL
005 20181213154837.0
008 161028b tu 000 0
020 _a9789758683819
035 _a15017
040 _aMilas
_btur
_cTR-AnCHP
041 _atur
082 _a923.2 Mersin,H.İ.
_bT67g 2009
090 _a923.2 Mersin,H.İ. T67g 2009
100 _aTosun, Ersin
245 _aGökova'da bir sosyalist
_bHafız İbrahim Mersin
_cErsin Tosun, Bülent Çoşkungür
246 _aHafız İbrahim Mersin
260 _aİstanbul
_bSarı Defter Yayınları
_c2009
300 _a204 s.
_c23 sm.
490 _aSarı Defter
_v12
600 _aMersin, Hafız İbrahim
_xAnılar
610 _aTürkiye İşçi Partisi
_xAnılar
650 _aSosyalistler
_xTürkiye
700 _aÇoşkungür, Bülent
942 _2dcc
_cBKS
999 _c1868
_d1868